| 000 | 00684nam a22001937a 4500 | ||
|---|---|---|---|
| 999 |
_c166893 _d166893 |
||
| 010 | _aENG-126168 | ||
| 020 |
_a978-93-8472-669-0 _c995.00 |
||
| 035 | _aEN-109700 | ||
| 037 | _bDBAD/PUB | ||
| 082 | _a881 | ||
| 100 | _aMukherjee,Gurudas | ||
| 245 |
_aRomantics Poetry/ _cby Gurudas Mukherjee[and]Indibar Mukherjee |
||
| 260 |
_aNew Delhi _bAne Books Pvt.Ltd. _c2018 |
||
| 270 |
_a4821,Parwana Bhawan,1st Floor24 Ansari Road, Darya Ganj _bNew Delhi _e110002 _k+91(011)23276843 _l+91(011)23276863 _mkapoor@anebooks.com |
||
| 300 |
_a274p. _c24cm(hb) _bill |
||
| 500 | _ait includes Index and Bibliography | ||
| 650 | _aEnglish Poetry | ||
| 942 |
_2ddc _cEN _h881 _mMUK |
||